Metodika vzdelávania seniorov s využitím projektovej výučby vznikla v rámci projektu "Podpora aktívneho starnutia cestou rozširovania vedomostí a zručností gradujúcich kvalitu života seniorov" : termín realizácie projektu 09/2013 - 06/2015
Uložené v:
| Hlavný autor: | |
|---|---|
| Ďalší autori: | , , , |
| Médium: | Kniha |
| Jazyk: | Slovak |
| Vydavateľské údaje: |
Topoľčany
Mesto Topoľčany
2015
|
| Vydanie: | 1. vyd. |
| Predmet: | |
| Tagy: |
Žiadne tagy, Buďte prvý, kto otaguje tento záznam!
|
MARC
| LEADER | 00000nam a2200000 4500 | ||
|---|---|---|---|
| 001 | 0213629 | ||
| 005 | 20240502073551.0 | ||
| 041 | 0 | |a slo | |
| 044 | |a SK | ||
| 245 | 1 | 0 | |a Metodika vzdelávania seniorov s využitím projektovej výučby |b vznikla v rámci projektu "Podpora aktívneho starnutia cestou rozširovania vedomostí a zručností gradujúcich kvalitu života seniorov" : termín realizácie projektu 09/2013 - 06/2015 |c Martina Mazáňová ... [et al.] |
| 250 | |a 1. vyd. | ||
| 264 | 1 | |a Topoľčany |b Mesto Topoľčany |c 2015 | |
| 300 | |a 46 s. | ||
| 610 | 2 | 0 | |a vzdelávanie dospelých |
| 610 | 2 | 0 | |a seniori |
| 610 | 2 | 0 | |a pedagogika |
| 610 | 2 | 0 | |a psychológia pedagogická |
| 100 | 1 | |a Mazáňová, Martina | |
| 700 | 1 | |a Bolek, Vladimír, 1988- | |
| 700 | 1 | |a Beňová, Katarína | |
| 700 | 1 | |a Ondrušová, Veronika | |
| 700 | 1 | |a Grežo, Vladimír | |